Triết học Trung cổ Tây Âu

Tóm lược về quá trình hình thành, phát triển và suy vong của triết học ở các nước Tây Âu: triết học các giáo phụ thời trung cổ thế kỷ 2 đến 5, triết học kinh viện trung cổ thế kỷ 7 đến 14 với các đại diện tiêu biểu...

Mô tả đầy đủ

Đã lưu trong:
Chi tiết về thư mục
Tác giả chính: Doãn, Chính
Định dạng: Sách
Ngôn ngữ:Undetermined
Được phát hành: Hà Nội Chính trị Quốc gia 2008
Những chủ đề:
Các nhãn: Thêm thẻ
Không có thẻ, Là người đầu tiên thẻ bản ghi này!
Thư viện lưu trữ: Trung tâm Học liệu Trường Đại học Cần Thơ
LEADER 00930nam a2200205Ia 4500
001 CTU_148353
008 210402s9999 xx 000 0 und d
020 |c 41000 
082 |a 190 
082 |b Ch312 
100 |a Doãn, Chính 
245 0 |a Triết học Trung cổ Tây Âu 
245 0 |c Doãn Chính, Đinh Ngọc Thạch 
260 |a Hà Nội 
260 |b Chính trị Quốc gia 
260 |c 2008 
520 |a Tóm lược về quá trình hình thành, phát triển và suy vong của triết học ở các nước Tây Âu: triết học các giáo phụ thời trung cổ thế kỷ 2 đến 5, triết học kinh viện trung cổ thế kỷ 7 đến 14 với các đại diện tiêu biểu 
650 |a Philosophy, european,Triết học Tây Âu 
904 |i Nguyên 
980 |a Trung tâm Học liệu Trường Đại học Cần Thơ